[Event "57th ch-RUS Qualifier"]
[Site "Tomsk RUS"]
[Date "2004.05.31"]
[Round "9"]
[White "Jakovenko,D"]
[Black "Khismatullin,D"]
[Result "1-0"]
[WhiteElo "2582"]
[BlackElo "2537"]

1.e4 c5 2.Nf3 d6 3.d4 cxd4 4.Nxd4 Nf6 5.Nc3 a6 6.Be2 e5 7.Nb3 Be7 8.O-O O-O
9.Kh1 Bd7 10.Be3 Bc6 11.f3 d5 12.exd5 Nxd5 13.Nxd5 Bxd5 14.c4 Bc6 15.Qxd8 Rxd8
16.Na5 Bb4 17.Bb6 Rd2 18.Rad1 Nd7 19.Rxd2 Nxb6 20.Rfd1 Bxd2 21.Rxd2 Kf8 22.Nxc6 bxc6
23.Rd6 Na4 24.Rxc6 Rb8 25.h4 Rxb2 26.Bd3 g6 27.c5 Rxa2 28.Kh2 Rd2 29.Rc8+ Ke7
30.Bxa6 Rc2 31.c6 Nb6 32.Rc7+ Ke6 33.Bd3 Rc1 34.h5 gxh5 35.f4 Nd5 36.f5+ Kf6
37.Rd7 Nf4 38.Be4 h4 39.c7 Ne2 40.Rd6+ Kg7 41.Rc6  1-0

[Event "3rd ACP Blitz Prelim4"]
[Site "playchess.com INT"]
[Date "2004.06.03"]
[Round "8"]
[White "Jakovenko,D"]
[Black "Landa,K"]
[Result "1/2-1/2"]
[WhiteElo "2582"]
[BlackElo "2550"]

1.e4 c5 2.Nf3 d6 3.d4 cxd4 4.Nxd4 Nf6 5.Nc3 a6 6.Be2 e5 7.Nb3 Be7 8.O-O O-O
9.Kh1 Be6 10.f4 exf4 11.Bxf4 Nc6 12.Qe1 Ne5 13.Rd1 Qc7 14.Qg3 Rad8 15.Nd4 Rfe8
16.Bg5 Kh8 17.Nf5 Bxf5 18.Rxf5 Ng6 19.Bd3 Qc8 20.Rdf1 Nh5 21.Qg4 Nf6 22.Qh3 Qe6
23.Nd5 Nxd5 24.exd5 Qc8 25.Bxe7 Rxe7 26.Rxf7 Qxh3 27.gxh3 Rde8 28.Bxg6 hxg6
29.Rxe7 Rxe7 30.Rf2 Kg8 31.Kg2 b5 32.b3 Re4 33.Kf3 Rd4 34.Ke3 Rxd5 35.Rd2 Rc5
36.Rxd6 Rxc2 37.Rxa6 Rxh2 38.Kd4 Rxh3 39.Rxg6 Rh2 40.Ra6 Rc2 41.Kd3 Rc7 42.Rb6 Ra7
43.Rxb5 Rxa2  1/2-1/2

[Event "3rd ACP Blitz Prelim4"]
[Site "playchess.com INT"]
[Date "2004.06.03"]
[Round "9"]
[White "Lautier,J"]
[Black "Jakovenko,D"]
[Result "1-0"]
[WhiteElo "2680"]
[BlackElo "2582"]

1.d4 d5 2.c4 c6 3.Nf3 Nf6 4.Nc3 a6 5.c5 Nbd7 6.Bf4 Nh5 7.Bd2 Nhf6 8.Qc2 Qc7
9.e4 dxe4 10.Ng5 h6 11.Ngxe4 Nxe4 12.Nxe4 Nf6 13.Nxf6+ exf6 14.Bc4 Be6 15.O-O-O O-O-O
16.Rhe1 Bxc4 17.Qxc4 g6 18.Bc3 Bg7 19.d5 cxd5 20.Rxd5 Rxd5 21.Qxd5 Rd8 22.Qc4 Kb8
23.g3 Rc8 24.b4 a5 25.a3 axb4 26.axb4 Bf8 27.Bxf6 Qc6 28.Be5+ Ka7 29.Re2 Bxc5
30.Ra2+ Kb6 31.bxc5+ Qxc5 32.Bd4 Qxd4 33.Qxc8  1-0

[Event "3rd ACP Blitz Prelim4"]
[Site "playchess.com INT"]
[Date "2004.06.03"]
[Round "10"]
[White "Jakovenko,D"]
[Black "Harika,D"]
[Result "1-0"]
[WhiteElo "2582"]
[BlackElo "2368"]

1.e4 c5 2.Nf3 Nc6 3.Bb5 g6 4.Bxc6 dxc6 5.d3 Bg7 6.Nc3 Nf6 7.Be3 b6 8.h3 O-O
9.Qd2 e5 10.Bh6 Qd6 11.g4 Ba6 12.Bxg7 Kxg7 13.b3 Ng8 14.Nd1 Rad8 15.Ne3 h6
16.h4 Ne7 17.Qc3 f6 18.O-O-O Bc8 19.g5 fxg5 20.Nxe5 Qd4 21.Qxd4 cxd4 22.N3c4 Rxf2
23.hxg5 h5 24.Rdf1 Rdf8 25.Nd2 Be6 26.Ndf3 Rxf1+ 27.Rxf1 Bg4 28.Kd2 c5 29.Nxg4 hxg4
30.Nh2 Rxf1 31.Nxf1 Nc6 32.a3 Ne5 33.Ke2 Kf7 34.Kf2 Nf3 35.Kg3 Ne1 36.Kxg4 Nxc2
37.Kf4 Nxa3 38.Ke5 Ke7 39.Kd5 Nc2 40.Ng3 Nb4+ 41.Kc4 a6 42.Ne2 b5+ 43.Kxc5 Nxd3+
44.Kxd4 Nf2 45.Nf4 Nh3 46.Nxh3 a5 47.Nf4 a4 48.bxa4 bxa4 49.Kc4 Kf7 50.Kb4  1-0

[Event "3rd ACP Blitz Prelim4"]
[Site "playchess.com INT"]
[Date "2004.06.03"]
[Round "14"]
[White "Jakovenko,D"]
[Black "Mecking,H"]
[Result "1-0"]
[WhiteElo "2582"]
[BlackElo "2555"]

1.e4 c5 2.Nf3 d6 3.d4 cxd4 4.Nxd4 Nf6 5.Nc3 a6 6.Be2 e5 7.Nb3 Be7 8.O-O O-O
9.Kh1 b5 10.a4 Bb7 11.Nd5 Nbd7 12.Nxe7+ Qxe7 13.f3 bxa4 14.Rxa4 d5 15.exd5 Nxd5
16.Na5 N5b6 17.Ra3 Bd5 18.Be3 Rfc8 19.Qd2 Be6 20.Rc1 Nd5 21.Bg1 Qb4 22.Qxb4 Nxb4
23.c3 Nd5 24.Rd1 h6 25.Bf1 Rcb8 26.Rd2 Rc8 27.h3 N5f6 28.Kh2 g5 29.Rd6 Rcb8
30.b4 Kg7 31.Nc6 Rc8 32.Rxa6 Ne8 33.Rxa8 Rxa8 34.Rd1 Ra2 35.b5 Rc2 36.Nd8  1-0

[Event "3rd ACP Blitz Prelim4"]
[Site "playchess.com INT"]
[Date "2004.06.03"]
[Round "15"]
[White "Shabalov,A"]
[Black "Jakovenko,D"]
[Result "1-0"]
[WhiteElo "2624"]
[BlackElo "2582"]

1.e4 c5 2.Nf3 Nc6 3.d4 cxd4 4.Nxd4 Nf6 5.Nc3 e5 6.Ndb5 d6 7.Bg5 a6 8.Na3 b5
9.Nd5 Be7 10.Bxf6 Bxf6 11.c3 Bg5 12.Nc2 O-O 13.a4 bxa4 14.Rxa4 a5 15.Bc4 Kh8
16.O-O Rb8 17.b3 f5 18.exf5 Bxf5 19.Nce3 Bg6 20.Bd3 Bf7 21.Be4 Bg8 22.Ra3 Rb5
23.Qd3 Qb8 24.Nc7 Rb6 25.Ned5 Rxb3 26.Ra4 Rb2 27.Rc4 Qa7 28.Qg3 Bf4 29.Qh4 Nd8
30.Qe7 Ne6 31.Qxd6 Rd8 32.Qe7 a4 33.g3 Bh6 34.Rc6 Nxc7 35.Qxd8 Nxd5 36.Bxd5 Rb8
37.Rc8 Rxc8 38.Qxc8  1-0

[Event "3rd ACP Blitz Prelim4"]
[Site "playchess.com INT"]
[Date "2004.06.03"]
[Round "16"]
[White "Jakovenko,D"]
[Black "Polaczek,R"]
[Result "0-1"]
[WhiteElo "2582"]
[BlackElo "2426"]

1.e4 Nf6 2.Nc3 d5 3.exd5 Nxd5 4.Nf3 Nxc3 5.bxc3 g6 6.d4 Bg7 7.Bc4 O-O 8.O-O c5
9.Re1 Qc7 10.d5 Bxc3 11.Bh6 Bg7 12.Qd2 Bg4 13.Bxg7 Kxg7 14.Ne5 Bf5 15.Rab1 Nd7
16.Nf3 Nf6 17.Rbd1 Rad8 18.Qe2 a6 19.a4 Rfe8 20.Ng5 Qd6 21.c3 h6 22.Nf3 Qf4
23.Ne5 Nd7 24.Nd3 Qxc4 25.Qe3 Qxc3 26.Qg3 c4 27.d6 cxd3 28.dxe7 Rc8 29.Qf4 Qf6
30.Qb4 Rc5 31.g4 Bxg4 32.Rxd3 Be6 33.Rxd7 Rg5+  0-1

[Event "3rd ACP Blitz Prelim4"]
[Site "playchess.com INT"]
[Date "2004.06.03"]
[Round "21"]
[White "Harika,D"]
[Black "Jakovenko,D"]
[Result "0-1"]
[WhiteElo "2368"]
[BlackElo "2582"]

1.d4 d5 2.c4 c6 3.Nf3 Nf6 4.Nc3 a6 5.c5 Nbd7 6.Bf4 Nh5 7.e3 b6 8.cxb6 Qxb6
9.Qc2 Nxf4 10.exf4 Rb8 11.b3 e6 12.Be2 Bd6 13.g3 c5 14.Na4 Qb4+ 15.Qd2 cxd4
16.Nxd4 Nc5 17.Nxc5 Bxc5 18.Nc2 Bxf2+ 19.Kd1 Qxd2+ 20.Kxd2 Ke7 21.Rac1 Rd8
22.b4 Bb7 23.Rhf1 Bb6 24.a4 Rbc8 25.b5 a5 26.Bf3 Rc4 27.Ra1 Rdc8 28.Rfc1 Kd6
29.Be2 Rc3 30.Bd3 h6 31.Re1 R3c7 32.Rac1 f6 33.Re2 e5 34.fxe5+ fxe5 35.Bf5 Rf8
36.g4 e4 37.Rd1 Rc4 38.Ra1 Rf6 39.Rh1 g6  0-1

[Event "EuCh-Internet KO"]
[Site "playchess.com INT"]
[Date "2004.11.07"]
[Round "1.3"]
[White "Petrosian,TL"]
[Black "Jakovenko,D"]
[Result "0-1"]
[WhiteElo "2539"]
[BlackElo "2596"]


1.e4 c5 2.Nc3 a6 3.Nf3 Nc6 4.g3 g6 5.Bg2 Bg7 6.O-O d6 7.d3 Nf6 8.Bf4 O-O
9.Qd2 e5 10.Bg5 Be6 11.Nh4 Qd7 12.f4 exf4 13.gxf4 h6 14.f5 hxg5 15.fxe6 Qxe6
16.Qxg5 Qg4 17.Nf3 Qxg5 18.Nxg5 Ng4 19.Nf3 Nd4 20.Ne1 Ne3 21.Rf2 Rae8 22.Nd1 Nxg2
23.Nxg2 f5 24.c3 fxe4 25.cxd4 Bxd4 26.Nge3 exd3 27.Rxf8+ Rxf8 28.Kg2 Kf7
29.Rc1 Ke6 30.b3 b5 31.Ng4 d5 32.Ndf2 c4 33.Re1+ Kd6 34.Nxd3 cxd3 35.Rd1 Rf4
36.h3 Bg7 37.Rxd3 Rd4 38.Rxd4 Bxd4 39.Kf3 Kc5 40.Ke2 Kb4 41.Kd3 Bg7 42.Kc2 Ka3
43.Kb1 Bd4 44.Nh2 a5 45.Nf3 Bc3 46.Kc2 d4 47.Ne5 Kxa2 48.Nd3 a4 49.bxa4 bxa4
50.Nc5 Ka3 51.Nd3 Ba1 52.h4 Bc3 53.Ne5 Kb4 54.Kb1 Kb3 55.Nd3 a3 56.Nc1+ Kc4
57.Kc2 d3+  0-1

[Event "EuCh-Internet KO"]
[Site "playchess.com INT"]
[Date "2004.11.07"]
[Round "1.2"]
[White "Jakovenko,D"]
[Black "Petrosian,TL"]
[Result "1-0"]
[WhiteElo "2596"]
[BlackElo "2539"]


1.e4 c5 2.Nf3 d6 3.d4 cxd4 4.Nxd4 Nf6 5.Nc3 g6 6.Be2 Bg7 7.O-O O-O 8.Re1 Nc6
9.Nb3 Be6 10.Bf1 Rc8 11.Nd5 Nd7 12.c3 a5 13.Bg5 h6 14.Be3 a4 15.Nd4 Bxd5
16.exd5 Nxd4 17.Bxd4 Bxd4 18.Qxd4 a3 19.b4 Rc7 20.c4 Ne5 21.c5 Nd7 22.Rac1 dxc5
23.bxc5 Nf6 24.Bc4 b6 25.cxb6 Rb7 26.Rb1 Nd7 27.d6 Nxb6 28.Qe4 Nxc4 29.dxe7 Rxb1
30.Rxb1 Qc7 31.exf8=Q+ Kxf8 32.Rc1 Nd6 33.Qa8+  1-0

[Event "EuCh-Internet KO"]
[Site "playchess.com INT"]
[Date "2004.11.07"]
[Round "1.1"]
[White "Petrosian,TL"]
[Black "Jakovenko,D"]
[Result "1/2-1/2"]
[WhiteElo "2539"]
[BlackElo "2596"]


1.e4 e5 2.Nf3 Nc6 3.d4 exd4 4.Bc4 Bc5 5.c3 d3 6.b4 Bb6 7.a4 a6 8.a5 Ba7 9.Qb3 Qe7
10.O-O d6 11.b5 axb5 12.a6 Nf6 13.Bg5 O-O 14.Bd5 Bb6 15.Nbd2 Rb8 16.Qxb5 Na7
17.Qxd3 bxa6 18.Rfe1 Be6 19.Rxa6 h6 20.Bh4 g5 21.Bg3 Nh5 22.Rea1 Nc8 23.Nc4 Nxg3
24.hxg3 Bc5 25.e5 Bxd5 26.Qxd5 Nb6 27.Nxb6 Rxb6 28.Rxb6 Bxb6 29.Re1 dxe5
30.Rxe5 Qd6 31.Qe4 Qd1+ 32.Qe1 Qxe1+ 33.Nxe1 Rd8 34.Re2 Rd1 35.Kf1 Kg7 36.g4 Kg6
37.g3 h5 38.gxh5+ Kxh5 39.Kg2 Ba5 40.Nf3 Bxc3 41.Re7 g4 42.Nh4 Bf6 43.Rxf7 Bxh4
44.Rh7+ Kg6 45.Rxh4 Kg5 46.Rh7 c5 47.Rg7+ Kf5 48.Rf7+ Ke5 49.Re7+ Kf5 50.Rf7+ Ke5
51.Re7+ Kf5 52.Rf7+  1/2-1/2

[Event "EuCh-Internet KO"]
[Site "playchess.com INT"]
[Date "2004.11.07"]
[Round "2.3"]
[White "Adams,Mi"]
[Black "Jakovenko,D"]
[Result "1/2-1/2"]
[WhiteElo "2740"]
[BlackElo "2596"]


1.e4 c5 2.Nf3 e6 3.b3 a6 4.Bb2 Nc6 5.d4 cxd4 6.Nxd4 Nf6 7.Bd3 Bb4+ 8.Nd2 Qa5
9.a3 Be7 10.O-O Ne5 11.N4f3 Nxd3 12.cxd3 b5 13.b4 Qb6 14.Bd4 Qd8 15.Nb3 O-O
16.Na5 d6 17.Nc6 Qe8 18.Rc1 e5 19.Be3 Bg4 20.h3 Bh5 21.Qe2 Rc8 22.Nxe7+ Qxe7
23.Bg5 h6 24.Bxf6 Qxf6 25.g4 Bg6 26.Qe3 Rfd8 27.Kg2 Rxc1 28.Rxc1 d5 29.Rc5 dxe4
30.dxe4 Qf4 31.Rxe5 Qxe3 32.fxe3 Rd3 33.Nh4 f6 34.Re6 Kf7 35.Rxa6 Bxe4+ 36.Kf2 Rd2+
37.Ke1 Rh2 38.Nf5 Rxh3 39.Ra7+ Kf8 40.Nxg7 Rxe3+ 41.Kf2 Rf3+ 42.Ke2 Rg3 43.Nh5 Rg2+
44.Ke3 f5 45.Nf6 Bb1 46.gxf5 Bxf5 47.Kf4 Bb1 48.Nh7+ Ke8 49.Nf6+ Kd8 50.Rd7+ Kc8
51.Rd1 Ba2 52.Ne4 Kc7 53.Rh1 Rg6 54.Rh5 Bc4 55.a4 bxa4 56.Rc5+ Rc6 57.Ra5 Ra6
58.Rc5+ Rc6 59.Ra5 Bb3 60.Nc5 Bc2 61.Nxa4 Rc4+ 62.Kg3 Rxb4 63.Rc5+ Kd6 64.Rxc2 Rxa4  1/2-1/2

[Event "EuCh-Internet KO"]
[Site "playchess.com INT"]
[Date "2004.11.07"]
[Round "2.2"]
[White "Jakovenko,D"]
[Black "Adams,Mi"]
[Result "0-1"]
[WhiteElo "2596"]
[BlackElo "2740"]


1.e4 e5 2.Nf3 Nc6 3.Bb5 a6 4.Ba4 Nf6 5.O-O Be7 6.Re1 b5 7.Bb3 O-O 8.d4 d6
9.c3 Bg4 10.Be3 Bh5 11.h3 exd4 12.cxd4 Na5 13.Bc2 Nc4 14.Bc1 c5 15.b3 Nb6
16.Nbd2 cxd4 17.Bb2 d3 18.Bxd3 Nfd7 19.g4 Bg6 20.Nd4 Ne5 21.Bf1 Bg5 22.N2f3 Bf4
23.Nf5 Nbd7 24.Nxe5 Nxe5 25.Bg2 Qb6 26.Bc1 Bxc1 27.Rxc1 Bxf5 28.exf5 Rac8
29.Qd5 h6 30.Red1 Rxc1 31.Rxc1 b4 32.Rc2 a5 33.Kh2 Re8 34.f4 Nd7 35.Rc6 Qf2
36.Qf3 Qd2 37.g5 hxg5 38.Rc7 Nf6 39.fxg5 Qxg5 40.Qg3 Qxf5 41.Qxd6 Ne4 42.Qd7 Qf4+
43.Kg1 Nd6 44.Bf1 Re1  0-1

[Event "It"]
[Site "Montreal CAN"]
[Date "2005.01.15"]
[Round "1"]
[White "Jakovenko,D"]
[Black "Mikhalevski,V"]
[Result "1-0"]
[WhiteElo "2596"]
[BlackElo "2553"]

1.e4 e5 2.Nf3 Nc6 3.Bb5 a6 4.Ba4 Nf6 5.O-O Nxe4 6.d4 b5 7.Bb3 d5 8.dxe5 Be6
9.Be3 Be7 10.c3 Nc5 11.Bc2 Nd7 12.Re1 Ndxe5 13.Nxe5 Nxe5 14.Bd4 Ng6 15.Bxg7 Rg8
16.Bxg6 Rxg7 17.Rxe6 hxg6 18.Re2 Kf8 19.Nd2 Rh7 20.Nf3 Qd6 21.a4 Rd8 22.Qd3 Qb6
23.axb5 axb5 24.Nd4 Bf6 25.g3 Kg7 26.h4 Rhh8 27.Nxb5 Rhe8 28.Rae1 Re4 29.Na3 Rde8
30.Rxe4 dxe4 31.Qe2 e3 32.fxe3 Qd6 33.Qf3 Bxc3 34.Nb5 Qf6 35.Qxf6+ Bxf6 36.Nxc7 Rb8
37.Kg2 Be5 38.Nd5 Rxb2+ 39.Kf3 Rd2 40.Nb6 Bc7 41.Rb1 Bxb6 42.Rxb6 Rd1 43.Rb3 Ra1
44.e4 Kf6 45.Kf4 Rf1+ 46.Rf3 Re1 47.Rc3 Rf1+ 48.Rf3 Re1 49.g4 g5+ 50.hxg5+ Kg6
51.Ke5 Ra1 52.Rf5 Rb1 53.Rf6+ Kg7 54.Rf5 Kg6 55.Kd6 Rb7 56.Ke5 Rb1 57.Rf6+ Kg7
58.Rc6 Rf1 59.Ra6 Rf2 60.Rb6 Rf1 61.Rc6 Rf2 62.Rc8 Kg6 63.Rg8+ Kh7 64.Rf8 Kg7
65.Re8 Kg6 66.Kd6  1-0

[Event "It"]
[Site "Montreal CAN"]
[Date "2005.01.17"]
[Round "3"]
[White "Jakovenko,D"]
[Black "Fedorowicz,J"]
[Result "1-0"]
[WhiteElo "2596"]
[BlackElo "2507"]

1.e4 c5 2.Nf3 d6 3.d4 cxd4 4.Nxd4 Nf6 5.Nc3 a6 6.Be2 e5 7.Nb3 Be7 8.O-O O-O
9.Kh1 b6 10.Be3 Bb7 11.f3 b5 12.a4 b4 13.Nd5 Nxd5 14.exd5 Nd7 15.c3 bxc3
16.bxc3 Bg5 17.Bf2 Qc7 18.c4 Rfb8 19.a5 Bc8 20.c5 dxc5 21.d6 Qc6 22.Bc4 Nf6
23.Nxc5 Rb2 24.Qa4 Qxa4 25.Nxa4 Rc2 26.Bb3 Rd2 27.Nb6 Rb8 28.Rad1 h5 29.h4 Bf4
30.Nxc8 Rxb3 31.Rxd2 Bxd2 32.Rd1 Bxa5 33.Ne7+ Kh7 34.d7 Rb7 35.Nc6 Rxd7 36.Rxd7 Nxd7
37.Nxa5 Kg6 38.Nb7 Kf5 39.Nc5 Nxc5 40.Bxc5 e4 41.fxe4+ Kxe4 42.Kh2 a5 43.Kg3 f6
44.Bf8 g5 45.Be7 Kf5 46.Ba3 a4 47.Bb2 Kg6 48.Kf3 Kf5 49.g3  1-0

[Event "It"]
[Site "Montreal CAN"]
[Date "2005.01.17"]
[Round "4"]
[White "Hauchard,A"]
[Black "Jakovenko,D"]
[Result "0-1"]
[WhiteElo "2487"]
[BlackElo "2596"]

1.c4 c5 2.g3 Nc6 3.Bg2 g6 4.Nc3 Bg7 5.e3 d6 6.Nge2 e5 7.a3 Nge7 8.Rb1 a5
9.d3 h5 10.h3 h4 11.g4 f5 12.gxf5 gxf5 13.Rg1 Kf8 14.Nd5 Nxd5 15.Bxd5 Qf6
16.f4 Ne7 17.Bh1 Bh6 18.Bd2 Rg8 19.Rxg8+ Kxg8 20.Bc3 Qe6 21.Kf2 Kh7 22.Qd2 Nc6
23.Rg1 Bd7 24.Bd5 Qe7 25.Rg2 Re8 26.Kg1 Be6 27.Bf3 Bf7 28.Kf2 Qd7 29.Qc2 d5
30.cxd5 Bxd5 31.e4 fxe4 32.dxe4 Be6 33.Bh5 Rf8 34.Bg6+ Kh8 35.f5 Bc4 36.Rg4 Qd6
37.Ke1 Rd8 38.Rxh4 Kg7 39.Rxh6 Kxh6 40.Bd2+ Kg7 41.Bg5 Qd3 42.Qxd3 Rxd3 43.h4 Bf7
44.h5 Bxg6 45.hxg6 Nd4 46.Bc1 Nf3+ 47.Kf2 Nh4 48.Nc3 Rf3+ 49.Ke2 Rg3 50.Be3 b6
51.Bf2 Rg4 52.Kd3 c4+ 53.Kxc4 Nxf5 54.Bxb6 Kxg6 55.Bxa5 Kf6 56.Kc5 Nd4 57.Kd6 Rg6
58.Kc5 Ke6 59.Kc4 Rg8 60.Na4 Kd6 61.Bb4+ Kc6 62.Bc3 Rg4 63.Nc5 Nc2 64.Kd3 Kxc5
65.Kxc2 Rxe4 66.Kd3 Kd5 67.b4 Rh4 68.Bd2 e4+ 69.Ke2 Rh2+ 70.Ke1 Kc4 71.b5 Kxb5
72.Bb4 Kc4 73.Kf1 Ra2 74.Ke1 Kd3 75.Kf1 e3 76.Kg1 Ra1+ 77.Kg2 e2  0-1

[Event "It"]
[Site "Montreal CAN"]
[Date "2005.01.18"]
[Round "5"]
[White "Jakovenko,D"]
[Black "Nataf,IA"]
[Result "1-0"]
[WhiteElo "2596"]
[BlackElo "2557"]

1.e4 c5 2.Nf3 g6 3.d4 Bg7 4.Nc3 cxd4 5.Nxd4 Nc6 6.Be3 Nf6 7.Bc4 O-O 8.Bb3 d6
9.f3 Nxd4 10.Bxd4 Be6 11.Qd2 Rc8 12.O-O Nd7 13.Bxg7 Kxg7 14.f4 Qb6+ 15.Kh1 Nf6
16.Rae1 Bc4 17.Rf3 Rfd8 18.Bxc4 Rxc4 19.b3 Rd4 20.Qe3 Ng4 21.Qe2 Qa5 22.h3 Rc8
23.Qb5 Qxb5 24.Nxb5 Rd2 25.hxg4 Rcxc2 26.Rg1 Rxa2 27.g5 Rf2 28.Rxf2 Rxf2
29.g3 a6 30.Nc3 e6 31.Rd1 Rf3 32.Na4 Rxg3 33.Rxd6 Rxb3 34.Nc5 Rb5 35.Nd7 h6
36.gxh6+ Kxh6 37.Ne5 Kh5 38.Rd8 Rb1+ 39.Kg2 Rb2+ 40.Kg3 Rb3+ 41.Nf3 Kh6 42.e5 a5
43.Ra8 Ra3 44.Kg4 Kg7 45.Ra7 f5+ 46.exf6+ Kxf6 47.Rxb7 Ra1 48.Ne5 Rg1+ 49.Kf3 Rf1+
50.Ke3  1-0

[Event "It"]
[Site "Montreal CAN"]
[Date "2005.01.21"]
[Round "9"]
[White "Lawson,E"]
[Black "Jakovenko,D"]
[Result "0-1"]
[WhiteElo "2373"]
[BlackElo "2596"]

1.d4 d5 2.c4 c6 3.Nf3 Nf6 4.Nc3 a6 5.c5 Nbd7 6.Bf4 Nh5 7.Bd2 Nhf6 8.Bf4 Nh5
9.Bd2 g6 10.e4 dxe4 11.Nxe4 Bg7 12.Bc4 O-O 13.h3 Ndf6 14.Nxf6+ Bxf6 15.Be3 Ng7
16.Bh6 Qa5+ 17.Qd2 Qxd2+ 18.Kxd2 Rd8 19.Bxg7 Kxg7 20.Kc3 b5 21.Bd3 Be6 22.Rhe1 Rd5
23.b4 Rad8 24.Re4 Bf5 25.Rd1 e5 26.a4 exd4+ 27.Kb3 bxa4+ 28.Kxa4 Bxe4 29.Bxe4 R5d7
30.Bxc6 Re7 31.Ka5 d3 32.Kxa6 Bc3 33.b5 Bb4 34.b6 Bxc5 35.b7 Bxf2 36.Kb5 Ba7
37.Nd2 Re5+ 38.Ka6 Bb8 39.Kb6 Rd4 40.Rb1 Re2 41.Rb2 Rd8 42.Bf3 Rf2 43.Kc5 Bf4
44.Nc4 Rxb2 45.Nxb2 d2 46.Kc4 Be5 47.Nd3 f6 48.Nf2 h5 49.Kb3 Bg3 50.Nd1 f5
51.Kc2 Kh6 52.Ne3 Rd4 53.Kc3 Rd7 54.Kc2 Bf4 55.Kd1 Kg5 56.Nd5 Bb8 57.Nb4 Bf4
58.Nd5 Bh2 59.Nb4 Kh4 60.Bc6 Rd4 61.Na6 Rd8 62.Nc5 Bb8 63.Nd7 Bf4 64.Nc5 Kg3
65.Ne6 Rb8 66.Nxf4 Kxf4 67.Kxd2 Ke5 68.Bf3 g5 69.g3 f4 70.g4 hxg4 71.hxg4 Kd6
72.Kd3 Re8 73.Kd4 Kc7 74.Be4 Rxe4+  0-1

[Event "Aeroflot Open"]
[Site "Moscow RUS"]
[Date "2005.02.15"]
[Round "1"]
[White "Jakovenko,D"]
[Black "Bacrot,E"]
[Result "0-1"]
[WhiteElo "2596"]
[BlackElo "2715"]

1.e4 e5 2.Nf3 Nc6 3.Bb5 Nf6 4.O-O Nxe4 5.d4 Nd6 6.Bxc6 dxc6 7.dxe5 Nf5 8.Qxd8+ Kxd8
9.Nc3 Ne7 10.Re1 Ng6 11.Bg5+ Ke8 12.Nh4 h6 13.Nxg6 fxg6 14.Bd2 Be6 15.Ne4 g5
16.Re3 Rd8 17.Bc3 b6 18.Rae1 Kf7 19.f4 gxf4 20.Rf3 Kg6 21.Rxf4 Be7 22.Kf2 a5
23.a3 Bg5 24.Nxg5 hxg5 25.Rd4 Rxd4 26.Bxd4 Rxh2 27.Re2 Rh4 28.c3 a4 29.Be3 Kf5
30.Bd2 Rh1 31.Re1 Rh8 32.Re3 g4 33.Rd3 Rh1 34.Rd4 Rb1 35.Rxa4 Rxb2 36.Ke2 g3
37.Ke3 g5 38.Ra7 Bd5 39.Rxc7 Bxg2 40.e6 Kxe6 41.Be1 Rb3 42.Kd2 Rxa3 43.Bxg3 Bd5  0-1

[Event "6th EICC"]
[Site "Warsaw POL"]
[Date "2005.06.23"]
[Round "6"]
[White "Jakovenko,D"]
[Black "Sakaev,K"]
[Result "1/2-1/2"]
[WhiteElo "2608"]
[BlackElo "2672"]

1.d4 Nf6 2.c4 e6 3.Nf3 b6 4.g3 Ba6 5.b3 Bb4+ 6.Bd2 Be7 7.Bg2 c6 8.O-O d5
9.Bc3 Nbd7 10.Nbd2 O-O 11.Qc2  1/2-1/2

[Event "6th EICC"]
[Site "Warsaw POL"]
[Date "2005.06.25"]
[Round "7"]
[White "Malakhov,V"]
[Black "Jakovenko,D"]
[Result "1/2-1/2"]
[WhiteElo "2670"]
[BlackElo "2608"]

1.Nf3 d5 2.d4 Nf6 3.c4 e6 4.Bg5 Be7 5.Nc3 O-O 6.e3 h6 7.Bxf6 Bxf6 8.Rc1 c6
9.cxd5 cxd5 10.Bd3 Nc6 11.O-O Bd7 12.a3 a6 13.Qe2 Rc8 14.Nd2 Na7 15.f4 Qb6
16.Nf3 Bb5 17.Nxb5 Nxb5 18.Bxb5 Qxb5 19.Qxb5 axb5 20.Nd2 Be7 21.Kf2 f6 22.Ke2 Kf7
23.Kd3 Bd6 24.Rxc8 Rxc8 25.b4 g5 26.fxg5 hxg5 27.h3 e5 28.Nb1 Ke6 29.Nc3 e4+
30.Kd2 f5 31.Nxb5 Bb8 32.Rc1 Rf8 33.Nc7+ Kd6 34.Nb5+ Ke6 35.Ke2 f4 36.Rc5 fxe3
37.Kxe3 Bg3 38.Nc7+ Bxc7 39.Rxc7 Ra8 40.Rc3 b5 41.Kf2 Kd6 42.Rg3 Rg8 43.Ke2 Ke6
44.Rc3 Kd6 45.Kd2 g4 46.Rg3 Ke6 47.h4 Kf5 48.Rc3 g3 49.Rc5 Ra8 50.Rxd5+ Kf4
51.Rd7 Rxa3 52.Rf7+ Kg4 53.Rg7+ Kxh4 54.d5 Rd3+  1/2-1/2

[Event "6th EICC"]
[Site "Warsaw POL"]
[Date "2005.06.28"]
[Round "10"]
[White "Jakovenko,D"]
[Black "Sokolov,I"]
[Result "1/2-1/2"]
[WhiteElo "2608"]
[BlackElo "2662"]

1.e4 e5 2.Nf3 Nc6 3.Bb5 a6 4.Ba4 Nf6 5.O-O Nxe4 6.d4 b5 7.Bb3 d5 8.dxe5 Be6
9.Nbd2 Nc5 10.c3 Bg4 11.Bc2 Ne6 12.Re1 Bc5 13.Nf1 Bh5 14.Ng3 Bg6 15.h4 d4
16.Bb3 dxc3 17.bxc3 Qxd1 18.Rxd1 h6 19.h5 Bh7 20.a4 O-O 21.Bd5 Rad8 22.axb5 Ne7
23.Bb3 Rxd1+ 24.Bxd1 axb5 25.Bb3 Bb6 26.Be3 Bxe3 27.fxe3 Nc5 28.Ba2 Nf5 29.Nxf5 Bxf5
30.Nd4 Bd7 31.Rb1 Ra8 32.Bd5 Re8 33.Bc6 Rxe5 34.Rxb5 Bxc6 35.Nxc6 Rxh5 36.Nd4 Re5
37.Nf3 Rd5 38.Nd4 g6 39.Kf1 Rg5 40.Rb8+ Kg7 41.Rc8 Na6 42.Ra8 Ra5 43.Ra7 h5
44.Kf2 g5 45.Kf3 Kg6 46.e4 f6 47.Ne6 Ra3 48.Kf2 Ra2+ 49.Kf1 Ra1+ 50.Kf2 Ra2+
51.Kf1 h4 52.Nxc7 Nb4 53.Rxa2 Nxa2 54.Nd5 Nc1 55.c4 Nb3 56.Ke2 Kf7 57.Nb4 Ke6
58.Nd3 Kd6 59.Ke3 Nc5 60.Nf2 Nd7 61.Ng4 Ke6 62.Nh6 Ne5 63.c5 Nd7 64.c6 Ne5
65.c7 Kd7 66.Ng8 Ng4+ 67.Kf3 Ne5+ 68.Ke3 Ng4+ 69.Kf3 Nh2+ 70.Ke3 Ng4+  1/2-1/2

[Event "WCC"]
[Site "Khanty Mansyisk RUS"]
[Date "2005.11.29"]
[Round "1.4"]
[White "Leitao,R"]
[Black "Jakovenko,D"]
[Result "1-0"]
[WhiteElo "2586"]
[BlackElo "2644"]

1.d4 Nf6 2.c4 e6 3.Nf3 b6 4.g3 Ba6 5.Nbd2 d5 6.Bg2 Be7 7.O-O O-O 8.cxd5 exd5
9.Ne5 c5 10.b3 Re8 11.Bb2 cxd4 12.Ndf3 Bc5 13.a3 Nbd7 14.Nd3 Qe7 15.Re1 Ne4
16.b4 Bd6 17.Nxd4 Ndf6 18.Rc1 Qd7 19.e3 Bc4 20.Nf4 a5 21.Bh3 Qb7 22.Nf5 Be5
23.Bxe5 Rxe5 24.Nd4 axb4 25.axb4 Ree8 26.Rc2 Qe7 27.Rb2 g6 28.Bg2 Qe5 29.Nd3 Qd6
30.Nf4 h5 31.f3 Ng5 32.h4 Ngh7 33.Qd2 Ra3 34.Kf2 Qe5 35.b5 Rea8 36.Reb1 Re8
37.Re1 g5 38.hxg5 Nxg5 39.Nc6 Qd6 40.Qd4 Rea8 41.Qxb6 Ra2 42.Rb1 Ne6 43.Nxe6 fxe6
44.Qd4 Rxb2+ 45.Rxb2 Rf8 46.Kg1 Qxg3 47.b6 h4 48.Qf4 Qxf4 49.exf4 Nd7 50.b7 Nb8
51.Ne5 Rxf4 52.Bh3 Kg7 53.Bxe6 Rf8 54.Nxc4 dxc4 55.Kf2 c3 56.Rc2 Rf6 57.Bd5 Rd6
58.Be4 h3 59.Rxc3 Rd2+ 60.Kg1 Kf6 61.Rc8 Nd7 62.Rd8  1-0

[Event "ch-RUS Superfinal"]
[Site "Moscow RUS"]
[Date "2005.12.19"]
[Round "1"]
[White "Jakovenko,D"]
[Black "Zvjaginsev,V"]
[Result "1/2-1/2"]
[WhiteElo "2644"]
[BlackElo "2659"]

1.e4 e6 2.d4 d5 3.Nc3 Nf6 4.e5 Nfd7 5.f4 c5 6.Nf3 Nc6 7.Be3 Rb8 8.Qd2 Qa5
9.Be2 b5 10.O-O b4 11.Nd1 Ba6 12.Bxa6 Qxa6 13.Nf2 Be7 14.Nd3 c4 15.Nf2 c3
16.bxc3 Qc4 17.cxb4 Bxb4 18.Qd3 Nb6 19.Rab1 Qxd3 20.cxd3 Kd7 21.Ng5 Rbf8
22.Rfc1 h6 23.Nf3 Be7 24.Nd2 Rb8 25.Rb3 Na4 26.Kf1 Na5 27.Rxb8 Rxb8 28.Rb1 Rxb1+
29.Nxb1 Nc6 30.Nd1 Bb4 31.g4 Ba5 32.Na3 h5 33.gxh5 Ne7 34.Nb5 Nf5 35.Nxa7 Bb4
36.Bf2 Kc7 37.Ke2 Kb6 38.Nc8+ Kc7 39.Nd6 Bxd6 40.exd6+ Kxd6 41.Kd2 Kc6 42.Nc3 Nb6
43.Ne2 Nd7 44.Ng3 Nf6 45.Nxf5 exf5 46.h6 gxh6 47.Kc3 Kb5 48.Kb3 Nh5 49.a4+ Kc6
50.Be3 Ng7 51.Kb4 Ne6 52.Ka5 Nc7 53.Bc1 Ne6 54.Be3 Nc7 55.h3 h5 56.Bd2 Ne6
57.Be3 Nc7 58.Kb4 Ne6 59.a5 Nc7 60.Ka4 Ne6 61.Bd2 Nc7 62.Be3  1/2-1/2

[Event "ch-RUS Superfinal"]
[Site "Moscow RUS"]
[Date "2005.12.23"]
[Round "5"]
[White "Jakovenko,D"]
[Black "Svidler,P"]
[Result "1/2-1/2"]
[WhiteElo "2644"]
[BlackElo "2740"]

1.e4 c5 2.Nf3 e6 3.d4 cxd4 4.Nxd4 a6 5.Bd3 Bc5 6.Be3 d6 7.O-O Nf6 8.Qe2 O-O
9.Nb3 Bxe3 10.Qxe3 Nc6 11.Rd1 Qc7 12.c4 Ne5 13.N1d2 b6 14.Rac1 Bb7 15.Bb1 Rad8
16.f3 Rfe8 17.Qf2 Ba8  1/2-1/2

[Event "ch-RUS Superfinal"]
[Site "Moscow RUS"]
[Date "2005.12.27"]
[Round "8"]
[White "Rublevsky,S"]
[Black "Jakovenko,D"]
[Result "1-0"]
[WhiteElo "2652"]
[BlackElo "2644"]

1.e4 e5 2.Nf3 Nf6 3.Nxe5 d6 4.Nf3 Nxe4 5.d3 Nf6 6.d4 Be7 7.Bd3 Bg4 8.h3 Bh5
9.Nc3 c6 10.g4 Bg6 11.g5 Nfd7 12.Bxg6 hxg6 13.Qe2 d5 14.Bd2 Nf8 15.O-O-O Qd6
16.Rde1 Nbd7 17.h4 Ne6 18.h5 O-O-O 19.hxg6 Nf4 20.Bxf4 Qxf4+ 21.Qe3 Qxe3+
22.fxe3 Rxh1 23.Rxh1 fxg6 24.Ne2 Rf8 25.Nf4 Bd6 26.Rh4 Rf7 27.Kd2 Nf8 28.Ke2 Kd7
29.b3 Rf5 30.Rg4 Be7 31.Nh3 Bd6 32.Nh4 Rf7 33.c4 b6 34.Nf2 dxc4 35.bxc4 b5
36.c5 Bc7 37.Nd3 a5 38.Nf3 Re7 39.Rh4 Ne6 40.Rh8 Nf4+ 41.Kd2 Nxd3 42.Kxd3 Rf7
43.Nh4 Bg3 44.Nxg6 Rf5 45.Ra8 Ke6 46.Ra7 Rf7 47.d5+ cxd5 48.Nf4+ Bxf4 49.Rxf7 Bxe3
50.c6  1-0

[Event "ch-RUS Superfinal"]
[Site "Moscow RUS"]
[Date "2005.12.28"]
[Round "9"]
[White "Jakovenko,D"]
[Black "Kramnik,V"]
[Result "1/2-1/2"]
[WhiteElo "2644"]
[BlackElo "2739"]

1.e4 e5 2.Nf3 Nf6 3.Nxe5 d6 4.Nf3 Nxe4 5.d4 d5 6.Bd3 Nc6 7.O-O Be7 8.c4 Nb4
9.Be2 O-O 10.Nc3 Bf5 11.a3 Nxc3 12.bxc3 Nc6 13.Re1 Re8 14.cxd5 Qxd5 15.Bf4 Rac8
16.Nd2 Na5 17.Nf1 Qd7 18.Ne3  1/2-1/2

[Event "ch-RUS Superfinal"]
[Site "Moscow RUS"]
[Date "2005.12.29"]
[Round "10"]
[White "Jakovenko,D"]
[Black "Khalifman,A"]
[Result "1/2-1/2"]
[WhiteElo "2644"]
[BlackElo "2653"]

1.e4 e5 2.Nf3 Nc6 3.Bb5 a6 4.Ba4 Nf6 5.O-O Be7 6.Re1 b5 7.Bb3 O-O 8.a4 Rb8
9.axb5 axb5 10.h3 d6 11.c3 b4 12.d3 d5 13.exd5 Nxd5 14.Nxe5 Nxe5 15.Rxe5 Be6
16.Bxd5 Bxd5 17.cxb4 Bf6 18.Re1 Rxb4 19.Nc3 Bb7 20.Qc2 Qd7 21.Ne4 Bd4 22.Be3 Rxb2
23.Qc4 Bxe3 24.Rxe3 Bxe4 25.dxe4 g6 26.Rc1  1/2-1/2